000 00594nam a2200193 i 4500
001 bg
100 1 _aGREGG, David W.
245 0 _aPodstawy telekomunikacji analgowej i cyfrowej /
_cDavid W. Gregg ; Tłum. z jęz. ang. Alina Karwowska-Lamparska [i in.].
260 _aWarszawa :
_bWydawn. Nauk.-Techn.,
_c1983.
300 _as. 584 :
_bilustr., rys.
504 _a[Zawiera bibliogr. s. 575-581].
650 9 _aTelekomunikacja
655 _aPodręczniki akademickie
040 _cBPK
041 _apol
080 _a621.39(07)
942 _cKS
008 s pl f |000 0 pol
999 _c1869
_d1869
856 _uhttp://koha.tu.koszalin.pl/cgi-bin/koha/opac-detail.pl?biblionumber=1869
_yKatalog online BPK